| 000 | 00480nam a2200169 i 4500 | ||
|---|---|---|---|
| 001 | bg | ||
| 100 | 1 | _aFRENKEL, M. I. | |
| 245 | 1 | 0 |
_aPorsnevye kompressory : _bteorija, konstrukcii i osnovy projektirovanija / _cM. I. Frenkel. |
| 250 | _aIzd. 3, perer. i dopol. | ||
| 260 |
_aLeningrad : _bIzdatel'stvo "Masinostroenie", _c1969. |
||
| 300 |
_as. 742 + _etabl. |
||
| 040 | _cBPK | ||
| 041 | _apol | ||
| 080 | _a621.512 | ||
| 942 | _cKS | ||
| 008 | s pl f |000 0 pol | ||
| 999 |
_c9010 _d9010 |
||